000 nam a22 7a 4500
999 _c10411
_d10411
008 180216b ||||| |||| 00| 0 eng d
100 _aAhmad, S
_96357
245 _aMega Computer Class - VI
260 _aNew Delhi
_bPrime Publication
_c2007